00359pab a2200133 454500008004000000100002000040245005400060260000900114300001000123362001100133650003600144650002800180773001700208180718b1998 xxu||||| |||| 00| 0 eng d aGoyal, Narendra aVajpayee government: hundred days of misadventure c1998 ap.3-4 a27 Jun aIndia - Politics and government aPolitics and government aYoung Indian